| 000 | 01195nam0a22002651 4500 | ||
|---|---|---|---|
| 001 | rc\3383136 | ||
| 005 | 20130115153946.6 | ||
| 021 |
_aRU _b[72-21156] |
||
| 035 | _a(NLR Aleph) 007535174 | ||
| 090 |
_a7767189 _c7767189 |
||
| 100 | _a20130115d1972 |||y0rusy50 ca | ||
| 101 | 0 | _arus | |
| 102 | _aRU | ||
| 105 | _ay z ||||| | ||
| 200 | 1 |
_aАктуальные вопросы зоотехнической науки и практики _eТезисы докл. Март, 1972 г. _f[Под ред. чл.-кор. АН МССР, проф. Г.Я. Рудь и др.] _gМ-во сел. хоз-ва СССР. Кишинев. с.-х. ин-т им. М.В. Фрунзе. Науч.-техн. о-во сел. хоз-ва МССР |
|
| 210 |
_aКишинев _cБ. и. _d1972 |
||
| 215 |
_a43 с. _d20 |
||
| 606 |
_aЗоотехния _jТезисы докладов _2psbo |
||
| 702 | 1 |
_aРудь _bГ. Я. _gГерасим Яковлевич _4340 |
|
| 712 | 0 | 2 |
_aКишиневский сельскохозяйственный институт им. М.В. Фрунзе _3RU\NLR\AUTH\887247 |
| 801 | 0 |
_aRU _bNLR _gpsbo |
|
| 801 | 1 |
_aRU _bELAR _2rusmarc |
|
| 852 |
_aNLR _j72-4/10431 |
||
| 942 | _cBOOK | ||
| 980 | _aNB | ||